000 00639nam a22002537a 4500
003 UA-OsUOA
001 28415
007 ta
008 20050323b un ||||| |||| 00| 0 ukr d
100 _aПлатонов Ю. П.
090 _a159.922.4(075.8)
_bП37
942 _cBK
040 _aUA-OsUOA
_brus
_cUA-OsUOA
_dUA-OsUOA
245 _aОсновы этнической психологии
_bУчеб. пособие.
300 _a452 с.
955 _a0
041 _arus
080 _a159.922.4(075.8)
020 _a5-9268-0244-Х
260 _aСПб.
_bРечь
_c2003
044 _aRU
650 7 _2UDC
999 _c314782
_d314782